000 01176nam a2200337 a 4500
008 130729s2011 ag ||||| |||| 00| 0 spa d
020 _a9788496921924
041 _aspa
092 _c616.07
_l68
_sPOR
100 1 _aPorth, Carol M.
_92538
245 _aFundamentos de Fisiopatología.
_bAlteraciones de la salud. Conceptos básicos /
_cCarol M. Porth
250 _a3a ed.
260 _aBarcelona:
_bLippincott;
_c2011.
300 _a1256 p.
500 _aPorth, C. M. (2011). Fundamentos de fisiopatología. Alteraciones de la salud. Conceptos básicos. (3a ed.). Barcelona : Lippincott.
653 _aFisiopatologia
653 _aFuncion celular y tisular
653 _aFunciones corporales
653 _aFuncion hematopoyetica
653 _aInfeccion e inmunidad
653 _aFuncion circulatoria
653 _aFuncion respiratoria
653 _aRiñon y funcion del tracto urinario
653 _aFuncion gastrointestinal y hepatobiliar
653 _aSistema endocrino
653 _aSistema nervioso
653 _aFuncion genitourinaria y reproductiva
653 _aFuncion musculoesqueletica
653 _aFuncion tegumentaria
942 _2ddc
_cBK
999 _c1591
_d1591